Jamais je n'avouerai - Hercule (Paroles) - Statistiques

Statistiques générales
  • Ce quiz a été pris 1 437 fois
  • Le résultat moyen est 163 sur 200
Statistiques - réponses
Paroles % Correct
Je
99%
je
99%
a
98%
jamais
97%
Jamais
97%
le
97%
Le
97%
ne
97%
Non
97%
non
97%
de
96%
La
96%
la
96%
ma
96%
pour
96%
ça
94%
C'est
94%
c'est
94%
cœur
93%
pas
93%
que
93%
si
93%
un
93%
y
92%
dirai
91%
j'ai
91%
t'a
91%
Ton
91%
ton
91%
tu
91%
Tu
91%
crois
90%
en
89%
gagnant
89%
jugement
88%
manque
88%
prix
88%
ticket
88%
est
87%
S'il
87%
trop
87%
Qui
85%
Il
84%
il
84%
jette
84%
amoureux
83%
autant
83%
d'être
83%
j'enchaîne
83%
l'aimes
83%
sentimentale
83%
ancienne
82%
banale
82%
car
82%
l'histoire
82%
Mon
82%
oh
82%
Oh
82%
passion
82%
souffrir
82%
tes
82%
homme
81%
cacher
80%
donc
80%
Nul
80%
tromper
80%
fille
79%
Pourquoi
79%
vaut
79%
les
78%
chanson
77%
ensorcelé
76%
leçon
76%
comme
75%
connaissait
75%
envoûté
75%
fragile
75%
Mais
75%
mentir
75%
appris
74%
dans
74%
J'avais
74%
n'avouerai
74%
pourtant
74%
t'aime
74%
et
73%
Et
73%
jour
73%
yeux
73%
crois-tu
72%
mal
72%
nier
72%
Évite
71%
peine
71%
très
71%
T'as
70%
feu
69%
tout
69%
fait
68%
idylles
68%
lit
68%
suis
68%
t'avouer
68%
accroche-toi
66%
amoureuse
66%
soupire
66%
normal
65%
nos
65%
sentiments
65%
qu'on
63%
souris
63%
vacille
63%
Oserai-je
59%
N'essaies
58%
tomber
58%
d'hésiter
57%
Laissez
57%
n'oserai
54%
tourment
53%
sur
49%
Même
48%
nies
46%
compliment
45%
Lis
45%
lèvres
44%
dément
43%
Quand
43%
t'emballe
42%
vous
41%
Remballes
39%
mens
38%
passionnément
38%
t'enflammes
15%
Aucun quiz correspondant
Distribution des résultats
% des personnes avec chaque résultat
Percentile par nombre de réponses
Votre historique - résultats
Vous n’avez pas pris ce quiz